Systém údržby automatizovaných výrobných liniek = System of the maintenance for automatized production lines : Bakalárska práca

Gespeichert in:
Bibliographische Detailangaben
1. Verfasser: Jamrich, Peter, 1963- (Verfasst von)
Weitere Verfasser: Charbulová, Marcela (xxx)
Format: Manuskript Buch
Sprache:Slowakisch
Veröffentlicht: Trnava : STU v Bratislave MTF UVSM KTZS, 2009
Schlagworte:
Tags: Tag hinzufügen
Keine Tags, Fügen Sie das erste Tag hinzu!

MARC

LEADER 00000ntm a22000003a 4500
001 stu195312
005 20200715133257.6
008 091102s2009----xo------------------slo-d
040 |a STU  |b slo 
041 0 |a slo 
044 |a xo 
100 1 |a Jamrich, Peter,  |d 1963-  |4 aut  |X 25718  |7 A000025718 
245 1 |a Systém údržby automatizovaných výrobných liniek = System of the maintenance for automatized production lines :  |b Bakalárska práca 
260 |a Trnava :  |b STU v Bratislave MTF UVSM KTZS,  |c 2009 
300 |a 48 s  |c príl (1 CD-ROM) 
500 |a Študijný odbor: 5.2.50 výrobná technika 
500 |a Študijný program: výrobné zariadenia a systémy 
650 7 |a montážna linka  |2 stusub 
650 7 |a údržba  |2 stusub 
700 1 |a Charbulová, Marcela  |4 xxx  |u M170  |U MTF Ústav výrobných systémov a aplikovanej mechaniky  |T MTF Katedra technologických zariadení a systémov  |X 4306  |U M170  |Y M170  |7 A000004306 
996 |b 284M071423  |c M*BP-3798  |l MMSKP  |s P  |a 0  |w stu195312_0001